Pays qui consomment le plus de vin - Statistiques

Statistiques générales
  • Ce quiz a été pris 483 fois
  • Le résultat moyen est 12 sur 15
Statistiques - réponses
Classement Volume Pays % Correct
2ème 24,4 millions d'hectolitres France
100%
6ème 9,7 millions d'hectolitres Espagne
97%
1er 33,3 millions d'hectolitres États-Unis
97%
3ème 21,8 millions d'hectolitres Italie
95%
9ème 6,8 millions d'hectolitres Chine
89%
4ème 19 millions d'hectolitres Allemagne
88%
7ème 8,6 millions d'hectolitres Russie
84%
10ème 5,5 millions d'hectolitres Portugal
83%
5ème 12,7 millions d'hectolitres Royaume-Uni
82%
12ème 4,8 millions d'hectolitres Canada
81%
14ème 4 millions d'hectolitres Brésil
73%
11ème 5,4 millions d'hectolitres Australie
67%
8ème 7,7 millions d'hectolitres Argentine
64%
15ème 3,4 millions d'hectolitres Pays-Bas
49%
13ème 4,4 millions d'hectolitres Afrique du Sud
31%
Aucun quiz correspondant
Distribution des résultats
% des personnes avec chaque résultat
Percentile par nombre de réponses
Votre historique - résultats
Vous n’avez pas pris ce quiz